Jozef Škultéty

Bibliographic Details
Main Author: Pražák, Albert, 1880-1956 (Author)
Format: Book
Language:Czech
PhysicalDescription:126, [1] s. 8°
Published: Bratislava Filozofická fakulta Univerzity Komenského 1924
Series:Sborník FFUK v Bratislave : r. II.
Subjects:

MARC

LEADER 00000nam a2200000 a 4500
001 vtls008392182
003 SK-MaSNL
005 20260301123545.0
008 251124s1924 xo cze
015 |a SKSNBA19191938-001669 
035 |a SK01SNKBIKKM20010084399 
035 |a SKM000086862 
040 |a SNK  |b slo  |c SNK  |e AACR2 
041 1 |a cze  |b fre 
044 |a xo  |a xr 
080 |a 929 Škultéty, Jozef  |2 1981 
100 1 |a Pražák, Albert,  |d 1880-1956  |4 aut  |9 108547 
245 1 0 |a Jozef Škultéty  |c Albert Pražák 
260 |a Bratislava  |b Filozofická fakulta Univerzity Komenského  |c 1924  |e Praha  |f Státní tiskárna 
300 |a 126, [1] s.  |c 8° 
490 0 |a Sborník FFUK v Bratislave : r. II.  |v č. 18.(1) 
500 |a Pozn. 
504 |a Zoznam mien 
505 0 |a Franc. res. 
600 1 |a Škultéty, Jozef,  |d 1853-1948  |2 SNK  |9 189198 
655 7 |a autobiografie  |2 SNKPH  |9 70280 
830 0 |a Sborník FFUK v Bratislave : r. II.  |9 348425 
852 |a Slovenská národná knižnica v Martine  |b 10000  |h SC 400/r.2.,č.18(1) 
852 |a Univerzitná knižnica v Bratislave  |b 300000  |h SC 150/r.2,č.8 
852 |a Univerzitná knižnica v Bratislave  |b 300000  |h 20 C 53 
852 |a SKK SR-M  |b 9000000  |h LHM BB 1162 
852 |a SKK SR-M  |b 9000000  |h JÚ SAV 4924 
958 |a OND 
958 |a RK 
958 |a TL 
999 |c 736673  |d 738603 
952 |a SNK  |b SNK  |y PREZ  |7 0  |p 17A0714397  |o snkSC 400/2/18-23  |0 0  |1 0  |4 0  |d 2012-01-10  |f 1  |l 0  |r 2025-05-27 00:00:00  |w 2026-02-23 
952 |a SNK  |b SNK  |y VYP  |7 0  |p 17A0229732  |o snkSC 400/2/18 D1  |i snkKSK 244/57  |8 3  |0 0  |1 0  |4 0  |d 2012-01-10  |l 0  |r 2026-02-23 22:46:48  |w 2026-02-23